Life-style evangelism : (Record no. 10957)

MARC details
000 -LEADER
fixed length control field 01460pam a2200313 i 4500
001 - CONTROL NUMBER
control field 883075
003 - CONTROL NUMBER IDENTIFIER
control field GBCCL
005 - DATE AND TIME OF LATEST TRANSACTION
control field 20251029131814.0
008 - FIXED-LENGTH DATA ELEMENTS--GENERAL INFORMATION
fixed length control field 801202s1981 orua 001 0 eng
020 ## - INTERNATIONAL STANDARD BOOK NUMBER
International Standard Book Number 0930014464 :
Terms of availability $8.95
020 ## - INTERNATIONAL STANDARD BOOK NUMBER
International Standard Book Number 9780930014469
035 ## - SYSTEM CONTROL NUMBER
System control number 883075
040 ## - CATALOGING SOURCE
Original cataloging agency DLC
Transcribing agency DLC
Modifying agency DLC
082 00 - DEWEY DECIMAL CLASSIFICATION NUMBER
Classification number 253.7
Edition information 19
Item number ALD 1
100 1# - MAIN ENTRY--PERSONAL NAME
Personal name Aldrich, Joseph C.,
Dates associated with a name 1940-
245 10 - TITLE STATEMENT
Title Life-style evangelism :
Remainder of title crossing traditional boundaries to reach the unbelieving world /
Statement of responsibility, etc. Joseph C. Aldrich.
260 ## - PUBLICATION, DISTRIBUTION, ETC.
Place of publication, distribution, etc. Portland, OR :
Name of publisher, distributor, etc. Multnomah Press,
Date of publication, distribution, etc. c1981.
300 ## - PHYSICAL DESCRIPTION
Extent 246 p. :
Other physical details ill. ;
Dimensions 23 cm.
336 ## - CONTENT TYPE
Content type term text
Content type code txt
Source rdacontent
337 ## - MEDIA TYPE
Media type term unmediated
Media type code n
Source rdamedia
338 ## - CARRIER TYPE
Carrier type term volume
Carrier type code nc
Source rdacarrier
500 ## - GENERAL NOTE
General note Includes indexes.
505 ## - FORMATTED CONTENTS NOTE
Formatted contents note Embarking on a pilgrimage to beauty ; Christ's personal program of evangelism -- Characteristics of a good communicator ; Understanding the victim of the enemy -- Evangelism and the church member, part I ; Evangelism and the church member, part II -- Evangelism and the church body ; Evangelism and the church leadership -- Avoiding evil instead of its appearance ; Eating meat and evangelizing -- Your non-believing neighbor ; Sharing the words of the gospel.
650 #0 - SUBJECT ADDED ENTRY--TOPICAL TERM
Topical term or geographic name entry element Evangelistic work.
650 #0 - SUBJECT ADDED ENTRY--TOPICAL TERM
Topical term or geographic name entry element Witness bearing (Christianity)
906 ## - LOCAL DATA ELEMENT F, LDF (RLIN)
a 7
b cbc
c orignew
d u
e ocip
f 19
g y-gencatlg
942 ## - ADDED ENTRY ELEMENTS (KOHA)
Source of classification or shelving scheme Dewey Decimal Classification
Koha item type Books
Suppress in OPAC No
Holdings
Withdrawn status Lost status Source of classification or shelving scheme Damaged status Not for loan Home library Current Library Shelving location Date acquired Total checkouts Full call number Barcode Date last seen Copy number Price effective from Koha item type
    Dewey Decimal Classification     GRACE BIBLE COLLEGE GRACE BIBLE COLLEGE Ministry & Mission 2025-10-29   253.7 ALD 017259 2025-10-29 c.2 2025-10-29 Books
    Dewey Decimal Classification     GRACE BIBLE COLLEGE GRACE BIBLE COLLEGE Ministry & Mission 2025-11-04   253.7 ALD 017200 2025-11-04 c.1 2025-11-04 Books
© Grace Bible College Library 2025